[Event "Rhein Main op-B 25th"]
[Site "Bad Homburg"]
[Date "2023.06.08"]
[Round "3"]
[White "Jacoby, Jermaine"]
[Black "Akinbosoye Zaimoglu, Oluwapelumi Deniz"]
[Result "0-1"]
[WhiteElo "963"]
[BlackElo "1303"]
[PlyCount "24"]
[EventDate "2023.06.07"]
[EventType "swiss"]
[EventRounds "7"]
[EventCountry "GER"]
[SourceTitle "CBM 215 Extra"]
[Source "ChessBase"]
[SourceDate "2023.09.30"]
[SourceVersion "1"]
[SourceVersionDate "2023.09.30"]
[SourceQuality "1"]

1. e4 e5 2. Nc3 Nf6 3. f4 Nc6 4. fxe5 Nxe5 5. d4 Ng6 6. e5 Qe7 7. Qe2 Ng8 8. Nf3 d6 9. Bf4 Nxf4 10. exd6 Qxe2+ 11. Nxe2 Bxd6 12. c4 Bb4+ 0-1

[Event "Rhein Main op-B 25th"]
[Site "Bad Homburg"]
[Date "2023.06.07"]
[Round "1"]
[White "Schmid, Herbert"]
[Black "Akinbosoye Zaimoglu, Oluwapelumi Deniz"]
[Result "1-0"]
[WhiteElo "1699"]
[BlackElo "1303"]
[PlyCount "67"]
[EventDate "2023.06.07"]
[EventType "swiss"]
[EventRounds "7"]
[EventCountry "GER"]
[SourceTitle "CBM 215 Extra"]
[Source "ChessBase"]
[SourceDate "2023.09.30"]
[SourceVersion "1"]
[SourceVersionDate "2023.09.30"]
[SourceQuality "1"]

1. e4 e5 2. Nf3 Nf6 3. Nc3 Nc6 4. Bb5 a6 5. Ba4 b5 6. Bb3 d6 7. d3 Na5 8. 0-0 Nxb3 9. axb3 Be7 10. Nxb5 Bb7 11. Nc3 0-0 12. Ne2 Re8 13. c4 Nd7 14. Be3 f5 15. Nc3 f4 16. Bd2 Kh8 17. Nd5 Bxd5 18. exd5 g5 19. h3 Rg8 20. Nh2 Qe8 21. f3 Qg6 22. Bc3 Nc5 23. d4 Nd3 24. dxe5 dxe5 25. Ng4 Bc5+ 26. Kh2 Rge8 27. Ra5 Bb6 28. Ra4 h5 29. Nf6 Qxf6 30. Qxd3 g4 31. fxg4 hxg4 32. c5 Bxc5 33. Raxf4 Qd6 34. Rxg4 1-0